LEADER 01260nam a2200289 4500 001 000000334268 003 CaOOAMICUS 005 20200519142545.0 008 190624s2017 it 000 u ita r 020 $a978-88-04-67746-8 040 $aSeMil$bita 100 1 $aMurgia, David,$d<1971- >.$0(OLS)http://semarc/name/109751 245 10$aVade retro :$besorcisti e possessioni: inchiesta sul maligno /$cDavid Murgia. 264 1$aMilano :$bMondadori,$c2017. 300 $a152 p. ;$c20 cm 650 4$aPossessione diabolica.$0(OLS)http://semarc/subject/9728 650 4$aEsorcismi.$0(OLS)http://semarc/subject/7025 650 4$aSatana.$0(OLS)http://semarc/subject/10333 650 4$aDemonio.$0(OLS)http://semarc/subject/6235 830 0$aNuovi misteri [Mondadori].$0(OLS)http://semarc/title/423822 850 $aSeMil 852 $aSeMil$W1$xVenegono$y1$m2R VII 113$j216603$B226523$CSeMilBibl$Z2$F226523 $81 961 $aBrambilla don Paolo - Omaggio 996 $6020$a978-88-04-67746-8$9(OLS)http://semarc/number/287674 996 $6245$aVade retro :$besorcisti e possessioni: inchiesta sul maligno$9(OLS)http://semarc/title/423889 996 $6264$aMilano :$bMondadori$9(OLS)http://semarc/publisher/30335 LEADER 01027nam a2200217 i 4500 001 000000043951 003 CaOOAMICUS 005 20251126101618.0 008 101119s1995 it u000 u ita u 040 $aSeMil$bita 245 03$aUn pastore e il suo gregge :$bomaggio a monsignor Luigi Gandini per il giubileo sacerdotale (1945-1995) /$ca cura di Franco Cajani. 264 1$aBesana Brianza :$bGR Edizioni,$c1995. 300 $a243 p. :$bill. ;$c24 cm. 600 14$aGandini, Luigi .$0(OLS)http://semarc/subject/9404 700 1 $aCajani, Franco,$d<1943- >.$0(OLS)http://semarc/name/7141 850 $aSeMil 852 $aSeMil$W1$xVenegono$y1$m3F V 782$j264834$B10106$CSeMilBibl$Z2$F10106 $81 961 $aOmaggio: Rimoldi mons. Antonio 996 $6245$aUn pastore e il suo gregge :$bomaggio a monsignor Luigi Gandini per il giubileo sacerdotale (1945-1995)$9(OLS)http://semarc/title/64776 996 $6264$aBesana Brianza :$bGR Edizioni$9(OLS)http://semarc/publisher/34133